[Event "TCh-RUS Premier 2023"]
[Site "Sochi RUS"]
[Date "2023.05.07"]
[Round "6.5"]
[Board "3"]
[White "Klimentov, Evgeny"]
[Black "Grebnev, Aleksey"]
[Result "1/2-1/2"]
[WhiteTitle "FM"]
[BlackTitle "IM"]
[WhiteElo "2305"]
[BlackElo "2483"]
[WhiteTeam "Inleksis (Voronezhskaya oblast)"]
[BlackTeam "Russkaya shakhmatnaya shkola (Moskva)"]
[WhiteFideId "24128899"]
[BlackFideId "34189030"]
[EventDate "2023.05.01"]
[EventType "team"]

1. e4 c5 2. Nf3 d6 3. d4 cxd4 4. Nxd4 Nf6 5. Nc3 a6 6. f3 e5 7. Nb3 Be6 8. Be3
h5 9. Nd5 Bxd5 10. exd5 Nbd7 11. Qd2 g6 12. O-O-O Nb6 13. Kb1 Nfxd5 14. Bg5 Be7
15. Bxe7 Qxe7 16. c4 Nf6 17. Qxd6 Qxd6 18. Rxd6 Nbd7 19. Be2 Ke7 20. Rhd1 a5 21.
Na1 Rhd8 22. Nc2 Nc5 23. Rxd8 Rxd8 24. Rxd8 Kxd8 25. b3 h4 26. Kb2 Kc7 27. a3 b6
28. b4 axb4 29. axb4 Ne6 30. Kc3 Kd6 31. Bf1 g5 32. Ne3 Nd4 33. h3 Ne6 34. Nf5+
Kd7 35. Bd3 Nf4 36. Ne3 Kd6 37. Be4 Ne2+ 38. Kd3 Nf4+ 39. Kc3 Ne2+ 40. Kd3 Nf4+ 1/2-1/2

[Event "TCh-RUS Premier 2023"]
[Site "Sochi RUS"]
[Date "2023.05.07"]
[Round "6.5"]
[Board "4"]
[White "Vetokhin, Savva"]
[Black "Popov, Maksim"]
[Result "1-0"]
[WhiteTitle "IM"]
[BlackTitle "FM"]
[WhiteElo "2420"]
[BlackElo "2338"]
[WhiteTeam "Russkaya shakhmatnaya shkola (Moskva)"]
[BlackTeam "Inleksis (Voronezhskaya oblast)"]
[WhiteFideId "44144474"]
[BlackFideId "54123968"]
[EventDate "2023.05.01"]
[EventType "team"]

1. d4 Nf6 2. c4 e6 3. Nc3 Bb4 4. e3 O-O 5. Bd3 Re8 6. Ne2 d5 7. O-O Nbd7 8. f3
b6 9. cxd5 exd5 10. Qb3 Bxc3 11. bxc3 c5 12. Qd1 a5 13. Ng3 Ba6 14. Re1 Bxd3 15.
Qxd3 Rc8 16. Bb2 Qc7 17. Rac1 Qd6 18. Rcd1 cxd4 19. cxd4 Qb4 20. Ba3 Qc4 21. Re2
b5 22. Nf5 Qxd3 23. Rxd3 b4 24. Nd6 bxa3 25. Nxc8 Rxc8 26. Rxa3 Ra8 27. Rb2 Kf8
28. Rb5 a4 29. Rb4 Ke7 30. Raxa4 Rc8 31. Rb2 Ne8 32. Rb5 Rc1+ 33. Kf2 Rc2+ 34.
Kg3 Re2 35. Ra7 Nf6 36. Rb3 Ke6 37. a4 g5 38. a5 g4 39. a6 Kf5 40. fxg4+ Kg6 41.
h3 Ne4+ 42. Kh2 Ndf6 43. Re7 Nd2 44. a7 Nxb3 45. a8=Q Nxd4 46. Qa6 Nf3+ 47. Kg3
Ng1 48. Re5 h6 49. Rf5 1-0

[Event "TCh-RUS Premier 2023"]
[Site "Sochi RUS"]
[Date "2023.05.07"]
[Round "6.5"]
[Board "5"]
[White "Kuzminykh, Nikita"]
[Black "Nesterov, Arseniy"]
[Result "1/2-1/2"]
[BlackTitle "GM"]
[WhiteElo "2063"]
[BlackElo "2562"]
[WhiteTeam "Inleksis (Voronezhskaya oblast)"]
[BlackTeam "Russkaya shakhmatnaya shkola (Moskva)"]
[WhiteFideId "54150540"]
[BlackFideId "24198455"]
[EventDate "2023.05.01"]
[EventType "team"]

1. e4 c6 2. d4 d5 3. Nc3 dxe4 4. Nxe4 Nf6 5. Nxf6+ exf6 6. c3 Bd6 7. Bd3 O-O 8.
Ne2 Re8 9. O-O Nd7 10. Bf4 Nf8 11. Bxd6 Qxd6 12. Ng3 Ng6 13. Qf3 Be6 14. Rfe1
Qd7 15. b3 a5 16. Bf5 a4 17. Bxe6 Rxe6 18. Red1 Nh4 19. Qd3 f5 20. d5 Rd6 21.
Qc4 Rxd5 22. Rxd5 Qxd5 23. Qxd5 cxd5 24. Rd1 axb3 25. axb3 Rd8 26. Rd4 g5 27. f4
g4 28. c4 Ra8 29. Rxd5 Ra1+ 30. Nf1 Rb1 31. Rd3 Ng6 32. g3 h5 33. Rd5 Ne7 34.
Rd7 Nc6 35. Kf2 Rxb3 36. Ne3 Kg7 37. Nxf5+ Kf6 38. Nd4 Rb2+ 39. Kg1 Nxd4 40.
Rxd4 Kf5 41. Kh1 f6 42. Kg1 Ke6 43. Rd5 Rc2 44. Rxh5 Rxc4 45. Rb5 Rc7 46. Kg2
Kd6 47. Rf5 Rc2+ 48. Kg1 Rb2 49. Rxf6+ Kd5 50. Rf8 b5 51. Rd8+ Ke4 52. Re8+ Kf3
53. Re1 Rg2+ 54. Kh1 Rc2 55. f5 Kf2 56. Rb1 Rc6 57. f6 Rxf6 58. Rxb5 Ra6 59.
Rb2+ Kf3 60. Rb1 Kf2 1/2-1/2

[Event "TCh-RUS Premier 2023"]
[Site "Sochi RUS"]
[Date "2023.05.07"]
[Round "6.5"]
[Board "6"]
[White "Badelka, Olga"]
[Black "Rudakov, Sergey S."]
[Result "1-0"]
[WhiteTitle "IM"]
[WhiteElo "2406"]
[BlackElo "1992"]
[WhiteTeam "Russkaya shakhmatnaya shkola (Moskva)"]
[BlackTeam "Inleksis (Voronezhskaya oblast)"]
[WhiteFideId "13509926"]
[BlackFideId "44111533"]
[EventDate "2023.05.01"]
[EventType "team"]

1. Nf3 d5 2. e3 Nf6 3. c4 e6 4. Nc3 c5 5. cxd5 exd5 6. d4 Nc6 7. Be2 a6 8. O-O
Bd6 9. dxc5 Bxc5 10. b3 O-O 11. Bb2 Ba7 12. Na4 Ne4 13. Rc1 Bg4 14. h3 Bxf3 15.
Bxf3 Qg5 16. Bxe4 dxe4 17. Qd7 Rfb8 18. Rfd1 h5 19. Rd5 Qg6 20. Rd6 f6 21. Qc7
Nd8 22. Nb6 Bxb6 23. Qxb6 Nf7 24. Rd7 Rc8 25. Rxc8+ Rxc8 26. Qe6 Rc2 27. Bd4
Rc1+ 28. Kh2 Rc2 29. Qe8+ Kh7 30. Qxf7 1-0

[Event "TCh-RUS Premier 2023"]
[Site "Sochi RUS"]
[Date "2023.05.08"]
[Round "7.1"]
[Board "1"]
[White "Paravyan, David"]
[Black "Artemiev, Vladislav"]
[Result "1/2-1/2"]
[WhiteTitle "GM"]
[BlackTitle "GM"]
[WhiteElo "2601"]
[BlackElo "2701"]
[WhiteTeam "Russkaya shakhmatnaya shkola (Moskva)"]
[BlackTeam "Ladya (Respublika Tatarstan)"]
[WhiteFideId "4194985"]
[BlackFideId "24101605"]
[EventDate "2023.05.01"]
[EventType "team"]

1. e4 e6 2. d4 d5 3. Nd2 c5 4. Ngf3 cxd4 5. Nxd4 Nc6 6. Bb5 Bd7 7. Nxc6 Bxc6 8.
Bxc6+ bxc6 9. c4 Bc5 10. Qa4 Qd7 11. O-O Ne7 12. b4 Bd4 13. Rb1 dxe4 14. Nxe4
O-O 15. Ng5 e5 16. Qc2 Qf5 17. Qxf5 Nxf5 18. Bd2 Rfd8 19. Ne4 Nd6 20. Nxd6 Rxd6
21. a4 f5 22. b5 Rc8 23. Bb4 Rd7 24. Rfc1 Kf7 25. Kf1 Ke6 26. Ke2 e4 27. g3 g5
28. Bd2 h6 29. f3 exf3+ 30. Kxf3 Bc5 31. Re1+ Kf7 32. Re5 Bb6 33. Bb4 cxb5 34.
a5 g4+ 35. Kg2 Bd4 36. Rxf5+ Kg6 37. Rf4 Rxc4 38. Rxg4+ Kh7 39. a6 Rc2+ 40. Kh3
Rd5 41. Be7 Bg7 42. Rgb4 Rdd2 43. Rh1 Rd7 44. Bh4 Ra2 45. Rxb5 Rxa6 46. Rhb1
Rad6 47. R1b3 a6 48. Ra5 Re6 49. g4 Rc6 1/2-1/2

[Event "TCh-RUS Premier 2023"]
[Site "Sochi RUS"]
[Date "2023.05.08"]
[Round "7.1"]
[Board "2"]
[White "Timofeev, Artyom"]
[Black "Kukhmazov, Arsen"]
[Result "1-0"]
[WhiteTitle "GM"]
[BlackTitle "IM"]
[WhiteElo "2567"]
[BlackElo "2506"]
[WhiteTeam "Ladya (Respublika Tatarstan)"]
[BlackTeam "Russkaya shakhmatnaya shkola (Moskva)"]
[WhiteFideId "4140419"]
[BlackFideId "24108260"]
[EventDate "2023.05.01"]
[EventType "team"]

1. e4 c6 2. d4 d5 3. e5 c5 4. dxc5 e6 5. a3 Bxc5 6. Qg4 Ne7 7. Bd3 O-O 8. Nf3 f5
9. Qg3 Nbc6 10. O-O Ng6 11. b4 Bb6 12. Bb2 Bd7 13. Nbd2 a5 14. b5 Nce7 15. a4 f4
16. Qg4 Nf5 17. Ba3 Re8 18. c4 Rc8 19. Qh5 Bc5 20. cxd5 Bxa3 21. Rxa3 Nh6 22.
Ne4 exd5 23. Nf6+ gxf6 24. Bxg6 Qe7 25. exf6 Qxf6 26. Bxe8 Bxe8 27. Qxd5+ 1-0

[Event "TCh-RUS Premier 2023"]
[Site "Sochi RUS"]
[Date "2023.05.08"]
[Round "7.1"]
[Board "3"]
[White "Shuvalova, Polina"]
[Black "Tsydypov, Zhamsaran"]
[Result "1-0"]
[WhiteTitle "IM"]
[BlackTitle "GM"]
[WhiteElo "2475"]
[BlackElo "2538"]
[WhiteTeam "Russkaya shakhmatnaya shkola (Moskva)"]
[BlackTeam "Ladya (Respublika Tatarstan)"]
[WhiteFideId "24171760"]
[BlackFideId "4108566"]
[EventDate "2023.05.01"]
[EventType "team"]

1. d4 g6 2. e4 Bg7 3. Nc3 d6 4. Be3 a6 5. Nf3 b5 6. Bd3 Bb7 7. h4 h6 8. e5 e6 9.
Ne4 Nc6 10. c3 Nge7 11. Bf4 Nd5 12. Bg3 dxe5 13. dxe5 Nce7 14. Nc5 Bc6 15. Nd4
h5 16. Bxg6 Nxg6 17. Nxc6 Qc8 18. O-O Kf8 19. a4 Qe8 20. axb5 axb5 21. Rxa8 Qxa8
22. Nd4 Ndf4 23. Bxf4 Nxf4 24. Qf3 Qxf3 25. Nxf3 Ke7 26. Rd1 Nd5 27. Ra1 Rb8 28.
Ra6 Rb6 29. Rxb6 Nxb6 30. Kf1 Bh6 31. Ke2 Bg7 32. g3 Ke8 33. Nd3 Nd7 34. Ke3 c5
35. Ke4 c4 36. Nf4 Nc5+ 37. Kd4 Na4 38. Nxh5 Bf8 39. Nf6+ Kd8 40. h5 Nxb2 41.
Ng5 Nd3 42. h6 Ke7 43. h7 Bg7 44. f4 Nc1 45. Kc5 Na2 46. Kxb5 Nxc3+ 47. Kxc4 Ne2
48. Nfe4 Bh8 49. Kd3 Nc1+ 50. Ke3 1-0

[Event "TCh-RUS Premier 2023"]
[Site "Sochi RUS"]
[Date "2023.05.08"]
[Round "7.1"]
[Board "4"]
[White "Drygalov, Andrey"]
[Black "Grebnev, Aleksey"]
[Result "1/2-1/2"]
[WhiteTitle "GM"]
[BlackTitle "IM"]
[WhiteElo "2484"]
[BlackElo "2483"]
[WhiteTeam "Ladya (Respublika Tatarstan)"]
[BlackTeam "Russkaya shakhmatnaya shkola (Moskva)"]
[WhiteFideId "24171735"]
[BlackFideId "34189030"]
[EventDate "2023.05.01"]
[EventType "team"]

1. e4 c5 2. Nf3 d6 3. d4 cxd4 4. Nxd4 Nf6 5. Nc3 a6 6. Be2 e5 7. Nb3 Be7 8. Be3
Be6 9. Nd5 Nbd7 10. Qd3 O-O 11. a4 Bxd5 12. exd5 Nb6 13. c4 Rc8 14. Nd2 a5 15.
g4 Nfd7 16. h4 Nc5 17. Qc2 Na6 18. Qd1 Nd7 19. g5 Nac5 20. Qc2 f5 21. gxf6 Bxf6
22. Ne4 Nxe4 23. Qxe4 Nc5 24. Bxc5 Rxc5 25. Bd3 g6 26. h5 Bg7 27. hxg6 h6 28. b3
Rf4 29. Qe3 Qb6 30. Be4 Qb4+ 31. Kf1 Rc8 32. f3 Rcf8 33. Ke2 R8f6 34. Rad1 b6
35. Rd3 Rf8 36. Rd2 Bf6 37. Rc2 Bg5 38. Qd3 Kg7 39. Kd1 Qa3 40. Ke2 Qb4 41. Kd1
Qa3 42. Qc3 Rh4 43. Rxh4 Bxh4 44. Rh2 Bg5 45. Ke2 Rf4 46. Rh1 Qa2+ 47. Bc2 Qa3
48. Be4 Qc5 49. Kf1 Rf6 50. Ke2 Rf8 51. Qd3 Rf4 52. Qc3 Rf6 53. Qd3 Bf4 54. Qc3
Rf8 55. Qd3 Qb4 56. Qc2 Rh8 57. Rh5 Rf8 1/2-1/2

[Event "TCh-RUS Premier 2023"]
[Site "Sochi RUS"]
[Date "2023.05.08"]
[Round "7.1"]
[Board "5"]
[White "Vetokhin, Savva"]
[Black "Samusenko, Maksim"]
[Result "1/2-1/2"]
[WhiteTitle "IM"]
[BlackTitle "IM"]
[WhiteElo "2420"]
[BlackElo "2464"]
[WhiteTeam "Russkaya shakhmatnaya shkola (Moskva)"]
[BlackTeam "Ladya (Respublika Tatarstan)"]
[WhiteFideId "44144474"]
[BlackFideId "4112253"]
[EventDate "2023.05.01"]
[EventType "team"]

1. d4 Nf6 2. c4 d6 3. Nc3 g6 4. e4 Bg7 5. f4 O-O 6. Nf3 c5 7. d5 e6 8. Be2 exd5
9. cxd5 Re8 10. e5 dxe5 11. fxe5 Ng4 12. e6 fxe6 13. d6 Qb6 14. O-O Rf8 15. Kh1
Nd7 16. Nb5 Ndf6 17. Ng5 Bd7 18. Nc7 Rad8 19. Qb3 Qxb3 20. axb3 Nd5 21. Ngxe6
Rxf1+ 22. Bxf1 Bxe6 23. Nxe6 Rxd6 24. Nxg7 Kxg7 25. Rxa7 Rb6 26. h3 Nge3 27. Bc4
Nxc4 28. bxc4 Nc7 29. Bd2 Ne6 30. Bc3+ Kf7 31. Ra8 Rd6 32. Kg1 h5 33. Kf2 Rd7
34. Ke3 Re7 35. Rc8 g5 36. Ke4 Kg6 37. Be5 Rd7 38. Bc3 Re7 39. Kd5 Nf4+ 40. Kxc5
Nxg2 41. Kd6 Rf7 42. c5 Nf4 43. b4 Nxh3 44. b5 h4 45. Rg8+ Kf5 46. c6 bxc6 47.
b6 Nf2 48. Rg7 Rf8 1/2-1/2

[Event "TCh-RUS Premier 2023"]
[Site "Sochi RUS"]
[Date "2023.05.08"]
[Round "7.1"]
[Board "6"]
[White "Gaifullin, Artur"]
[Black "Badelka, Olga"]
[Result "1/2-1/2"]
[WhiteTitle "FM"]
[BlackTitle "IM"]
[WhiteElo "2422"]
[BlackElo "2406"]
[WhiteTeam "Ladya (Respublika Tatarstan)"]
[BlackTeam "Russkaya shakhmatnaya shkola (Moskva)"]
[WhiteFideId "24168653"]
[BlackFideId "13509926"]
[EventDate "2023.05.01"]
[EventType "team"]

1. d4 d5 2. c4 e6 3. Nc3 Nf6 4. cxd5 exd5 5. Bg5 Be7 6. e3 c6 7. Bd3 Nbd7 8. Qc2
O-O 9. Nf3 Re8 10. O-O Nf8 11. Rab1 a5 12. a3 Ng6 13. b4 axb4 14. axb4 Ne4 15.
Bxe7 Qxe7 16. b5 Bd7 17. bxc6 Bxc6 18. Nd2 f5 19. g3 Nf8 20. Ra1 Nd7 21. Rfe1
Ndf6 22. Rxa8 Rxa8 23. f3 Nxc3 24. Qxc3 Ra3 25. Qc2 g6 26. Kf2 Ne8 27. Bf1 f4
28. exf4 Qb4 29. Kg2 Qxd4 30. Nb1 Ra1 31. Bd3 Nf6 32. Qe2 Ra8 33. Qe6+ Kg7 34.
Qe7+ Kg8 35. Qe6+ Kg7 36. Qe7+ 1/2-1/2

[Event "TCh-RUS Premier 2023"]
[Site "Sochi RUS"]
[Date "2023.05.08"]
[Round "7.2"]
[Board "1"]
[White "Zakhartsov, Vladimir"]
[Black "Chekhov, Sergei"]
[Result "1/2-1/2"]
[WhiteTitle "GM"]
[BlackTitle "IM"]
[WhiteElo "2547"]
[BlackElo "2453"]
[WhiteTeam "Shkola im. M.M. Botvinnika  (Moskva)"]
[BlackTeam "Inleksis (Voronezhskaya oblast)"]
[WhiteFideId "4145097"]
[BlackFideId "4195639"]
[EventDate "2023.05.01"]
[EventType "team"]

1. d4 Nf6 2. c4 e6 3. Nf3 b6 4. g3 Bb7 5. Bg2 Be7 6. O-O O-O 7. Nc3 Ne4 8. Bd2
f5 9. d5 Bf6 10. Rc1 c5 11. Be1 Bxc3 12. Bxc3 exd5 13. cxd5 d6 14. Nd2 Nxd2 15.
Qxd2 Nd7 16. e4 Nf6 17. exf5 Qd7 18. Bxf6 Rxf6 19. g4 Qa4 20. h3 Qxa2 21. Rfe1
Qa4 22. Re7 Rf7 23. Rce1 Raf8 24. Qg5 Bc8 25. f6 g6 26. b3 Qa5 27. Bf1 Bd7 28.
Bd3 Rxf6 29. Bf5 Bxf5 30. Qh6 R6f7 31. gxf5 Qc3 32. fxg6 Qg7 33. Qxh7+ Qxh7 34.
gxh7+ Kh8 35. Rxf7 Rxf7 36. Re6 Rf3 37. Rxd6 Rxh3 38. Rd7 Rxb3 39. Kg2 c4 40. f4
c3 41. Rc7 Rb5 42. Rxc3 Rxd5 43. Rc7 a5 44. Kf3 a4 45. Ke4 Rc5 46. Ra7 Ra5 47.
Rxa5 bxa5 48. Kd3 Kxh7 49. Kc3 Kg6 50. Kb2 Kf5 51. Ka3 Kxf4 52. Kxa4 Ke5 53.
Kxa5 1/2-1/2

[Event "TCh-RUS Premier 2023"]
[Site "Sochi RUS"]
[Date "2023.05.08"]
[Round "7.2"]
[Board "2"]
[White "Rodin, Dmitrij"]
[Black "Rychagov, Andrey"]
[Result "1/2-1/2"]
[WhiteTitle "IM"]
[BlackTitle "GM"]
[WhiteElo "2325"]
[BlackElo "2547"]
[WhiteTeam "Inleksis (Voronezhskaya oblast)"]
[BlackTeam "Shkola im. M.M. Botvinnika  (Moskva)"]
[WhiteFideId "4127412"]
[BlackFideId "4119932"]
[EventDate "2023.05.01"]
[EventType "team"]

1. e4 e6 2. d4 d5 3. Nd2 c5 4. exd5 exd5 5. Ngf3 Nc6 6. Bb5 Bd6 7. O-O Ne7 8.
dxc5 Bxc5 9. Nb3 Bd6 10. c3 O-O 11. Bd3 h6 12. h3 Bf5 13. Re1 Qd7 14. Bxf5 Nxf5
15. Qd3 Rad8 1/2-1/2

[Event "TCh-RUS Premier 2023"]
[Site "Sochi RUS"]
[Date "2023.05.08"]
[Round "7.2"]
[Board "3"]
[White "Sviridov, Valery"]
[Black "Klimentov, Evgeny"]
[Result "1-0"]
[BlackTitle "FM"]
[WhiteElo "2545"]
[BlackElo "2305"]
[WhiteTeam "Shkola im. M.M. Botvinnika  (Moskva)"]
[BlackTeam "Inleksis (Voronezhskaya oblast)"]
[WhiteFideId "4120680"]
[BlackFideId "24128899"]
[EventDate "2023.05.01"]
[EventType "team"]

1. c4 Nf6 2. g3 e5 3. Bg2 Bc5 4. Nc3 c6 5. e3 Bb6 6. d4 exd4 7. exd4 d5 8. cxd5
Nxd5 9. Nxd5 cxd5 10. Ne2 Nc6 11. O-O O-O 12. h3 Be6 13. Be3 Qf6 14. Qd2 h6 15.
Rad1 Rac8 16. g4 Qe7 17. Nf4 Bc7 18. Qd3 Qd6 19. Rfe1 Bb6 20. a3 Na5 21. Re2 a6
22. Rde1 Rfe8 23. Nxe6 Rxe6 24. Qf5 Rd8 25. Bf4 Rxe2 26. Rxe2 Qd7 27. Qd3 Nc6
28. Be3 Qd6 29. b4 Qf6 30. Rd2 Ba7 31. Qb3 Nxd4 32. Qb2 Nb5 33. Qxf6 gxf6 34.
Bxa7 Nxa7 35. Rxd5 Nc6 36. Rh5 Rd1+ 37. Kh2 Rd2 38. Bxc6 bxc6 39. Kg2 Rd3 40.
Ra5 Kg7 41. Rxa6 Rc3 42. Ra5 Kg6 43. f3 Kg7 44. Kg3 Kf8 45. Rc5 Rxa3 46. Rxc6
Kg7 47. b5 Rb3 48. b6 Rb4 49. h4 h5 50. g5 fxg5 51. hxg5 Rb3 52. Rd6 Rb4 53. Rf6
Rb1 54. Rh6 Rb4 55. f4 Rb2 56. Rc6 Rb4 57. f5 Rb5 58. Rf6 Rb4 59. Kh3 Rb1 60.
Rc6 Rb4 61. Rd6 Kg8 62. Rd8+ Kg7 63. Rb8 Rb2 64. b7 Rb1 65. f6+ Kh7 66. g6+ 1-0

[Event "TCh-RUS Premier 2023"]
[Site "Sochi RUS"]
[Date "2023.05.08"]
[Round "7.2"]
[Board "4"]
[White "Popov, Maksim"]
[Black "Uskov, Artem"]
[Result "1/2-1/2"]
[WhiteTitle "FM"]
[BlackTitle "IM"]
[WhiteElo "2338"]
[BlackElo "2367"]
[WhiteTeam "Inleksis (Voronezhskaya oblast)"]
[BlackTeam "Shkola im. M.M. Botvinnika  (Moskva)"]
[WhiteFideId "54123968"]
[BlackFideId "34254854"]
[EventDate "2023.05.01"]
[EventType "team"]

1. e4 e5 2. Nf3 Nc6 3. Bb5 a6 4. Ba4 Nf6 5. O-O b5 6. Bb3 Bc5 7. a4 Rb8 8. d3 h6
9. Nc3 O-O 10. axb5 axb5 11. Be3 d6 12. h3 Nd4 13. Bxd4 Bxd4 14. Nxd4 exd4 15.
Nd5 Bb7 16. Qf3 Nd7 17. c3 Nc5 18. Bc2 c6 19. Nb4 Ne6 20. Qg3 c5 21. Nd5 dxc3
22. bxc3 b4 23. Nf4 Nxf4 24. Qxf4 bxc3 25. Ra3 d5 26. Rxc3 Rc8 27. Rb1 Qa5 28.
Rcb3 Bc6 29. exd5 Bxd5 30. Rb5 Qa8 31. Qg3 Rfe8 32. Kh2 Qa2 33. R5b2 Qa3 34. Rb6
Qc3 35. Bb3 1/2-1/2

[Event "TCh-RUS Premier 2023"]
[Site "Sochi RUS"]
[Date "2023.05.08"]
[Round "7.2"]
[Board "5"]
[White "Zverev, Lev"]
[Black "Kuzminykh, Nikita"]
[Result "0-1"]
[WhiteTitle "FM"]
[WhiteElo "2301"]
[BlackElo "2063"]
[WhiteTeam "Shkola im. M.M. Botvinnika  (Moskva)"]
[BlackTeam "Inleksis (Voronezhskaya oblast)"]
[WhiteFideId "24250775"]
[BlackFideId "54150540"]
[EventDate "2023.05.01"]
[EventType "team"]

1. e4 e5 2. Nf3 Nf6 3. Nxe5 d6 4. Nf3 Nxe4 5. d4 d5 6. Bd3 Be7 7. O-O O-O 8. c4
Nf6 9. h3 Nbd7 10. c5 c6 11. Bf4 Ne4 12. Nfd2 f5 13. f3 Nxd2 14. Qxd2 Bf6 15.
Be3 g6 16. Na3 f4 17. Bf2 Bg7 18. Rfe1 Nf6 19. Qxf4 Ne4 20. Qe3 Nxf2 21. Qxf2
Qg5 22. Kh1 Qh5 23. Bf1 g5 24. Re7 Bf6 25. Re2 Kh8 26. Kg1 Qg6 27. Rae1 h5 28.
Rd2 g4 29. hxg4 hxg4 30. Bd3 Qg7 31. Bb1 g3 32. Qe2 Qh6 33. Qe3 Bg5 34. Qe5+ Kg8
35. Qxg3 Kh8 36. Qe5+ Kg8 37. Qg3 Kh8 38. Rdd1 Bh4 39. Qe5+ Kg8 40. Re2 Bd7 41.
Qe3 Qg7 42. Qe5 Bf6 43. Qh5 Bxd4+ 44. Kh1 Rfe8 45. Rde1 Rxe2 46. Rxe2 Rf8 47.
Rd2 Be3 48. Re2 d4 49. Qh2 Rf6 50. Qb8+ Kf7 51. Rxe3 Qh6+ 52. Qh2 Qxh2+ 53. Kxh2
dxe3 54. Bd3 Bf5 55. Be2 Be6 56. g4 Bxg4 57. Kg3 Be6 58. Nc2 Bxa2 59. Nxe3 Re6
60. Kf4 Bd5 61. b4 Rf6+ 62. Kg3 Rg6+ 63. Kf2 Rh6 64. Kg2 Rh4 65. b5 Ra4 66. Kg3
Ke6 67. f4 Ra3 68. Kf2 Rc3 69. b6 Rxc5 70. Ba6 axb6 71. Bxb7 Kd7 72. f5 Kc7 73.
Ba6 b5 0-1

[Event "TCh-RUS Premier 2023"]
[Site "Sochi RUS"]
[Date "2023.05.08"]
[Round "7.2"]
[Board "6"]
[White "Rudakov, Sergey S."]
[Black "Averin, Nikolay"]
[Result "0-1"]
[BlackTitle "FM"]
[WhiteElo "1992"]
[BlackElo "2293"]
[WhiteTeam "Inleksis (Voronezhskaya oblast)"]
[BlackTeam "Shkola im. M.M. Botvinnika  (Moskva)"]
[WhiteFideId "44111533"]
[BlackFideId "24250473"]
[EventDate "2023.05.01"]
[EventType "team"]

1. e4 c5 2. Nf3 d6 3. d4 cxd4 4. Qxd4 Nc6 5. Bb5 Bd7 6. Bxc6 Bxc6 7. c4 Nf6 8.
Nc3 g6 9. O-O Bg7 10. Be3 O-O 11. Qd3 a6 12. h3 Nd7 13. Nd4 Nc5 14. Qc2 Ne6 15.
Rad1 Nxd4 16. Bxd4 Qa5 17. Qd2 Bxd4 18. Qxd4 Rfc8 19. a3 b5 20. cxb5 axb5 21. f4
Rab8 22. Na2 Ba8 23. Rc1 Rc7 24. Rxc7 Qxc7 25. Rc1 Qb7 26. Nc3 Rc8 27. Qd3 b4
28. axb4 Qxb4 29. Rc2 Rc4 30. Re2 Qb6+ 31. Kh2 Rb4 32. Qd2 Qc5 33. Qd3 Bb7 34.
Rd2 Qb6 35. Qe2 Qc7 36. Qe3 Qc4 37. Re2 Kg7 38. Qd2 Kg8 39. Qe3 Kg7 40. Qd2 Kf8
41. Qe3 Kg8 42. Qd2 Qc5 43. Qd3 Qb6 44. Qd2 Qc5 45. Qd3 Kf8 46. Qd2 Qc4 47. f5
Qd4 48. Qxd4 Rxd4 49. fxg6 hxg6 50. Kg3 f5 51. exf5 gxf5 52. Kf2 Kf7 53. Ke3 e5
54. g3 Ke6 55. h4 d5 56. Rh2 Rb4 57. Nd1 d4+ 58. Kd2 Rb3 59. h5 Rxg3 60. h6 Rg8
61. Nf2 Rh8 62. Nd3 Kf6 63. Nc5 Bc8 64. b4 Kg6 65. b5 Rxh6 66. Rxh6+ Kxh6 67. b6
e4 68. b7 Bxb7 69. Nxb7 Kg5 70. Nc5 Kf6 71. Ke2 Ke5 72. Nd7+ Kd5 73. Kd2 f4 74.
Nf6+ Ke5 75. Nd7+ Ke6 76. Nf8+ Kf5 77. Nd7 f3 78. Nc5 Ke5 79. Nd7+ Kf4 80. Nc5
d3 81. Ne6+ Ke5 0-1

[Event "TCh-RUS Premier 2023"]
[Site "Sochi RUS"]
[Date "2023.05.08"]
[Round "7.3"]
[Board "1"]
[White "Lazavik, Denis"]
[Black "Lobanov, Sergei"]
[Result "1/2-1/2"]
[WhiteTitle "GM"]
[BlackTitle "GM"]
[WhiteElo "2544"]
[BlackElo "2536"]
[WhiteTeam "Belarus (Respublika Belarus)"]
[BlackTeam "SShOR po shakhmatam i shashkam (Sankt-Peterbu"]
[WhiteFideId "13515110"]
[BlackFideId "24183750"]
[EventDate "2023.05.01"]
[EventType "team"]

1. d4 Nf6 2. c4 e6 3. Nf3 d5 4. Nc3 Bb4 5. Bg5 h6 6. Bxf6 Qxf6 7. e3 O-O 8. Rc1
dxc4 9. Bxc4 c5 10. Qb3 cxd4 11. Qxb4 Nc6 12. Ne4 Nxb4 13. Nxf6+ gxf6 14. Nxd4
e5 15. Nc2 Nxc2+ 16. Rxc2 Bf5 17. Rc3 Rac8 18. Ke2 b5 19. Bd5 1/2-1/2

[Event "TCh-RUS Premier 2023"]
[Site "Sochi RUS"]
[Date "2023.05.08"]
[Round "7.3"]
[Board "2"]
[White "Shubin, Kirill"]
[Black "Fedorov, Alexei"]
[Result "1/2-1/2"]
[WhiteTitle "IM"]
[BlackTitle "GM"]
[WhiteElo "2447"]
[BlackElo "2477"]
[WhiteTeam "SShOR po shakhmatam i shashkam (Sankt-Peterbu"]
[BlackTeam "Belarus (Respublika Belarus)"]
[WhiteFideId "34119962"]
[BlackFideId "13500465"]
[EventDate "2023.05.01"]
[EventType "team"]

1. e4 c5 2. Nf3 Nc6 3. Bb5 e6 4. O-O Nge7 5. Re1 Nd4 6. Nxd4 cxd4 7. c3 a6 8.
Bf1 Nc6 9. b4 Bd6 10. Bb2 dxc3 11. dxc3 Qc7 12. h3 O-O 13. a4 f5 14. b5 axb5 15.
axb5 Rxa1 16. Bxa1 Ne5 17. exf5 1/2-1/2

[Event "TCh-RUS Premier 2023"]
[Site "Sochi RUS"]
[Date "2023.05.08"]
[Round "7.3"]
[Board "3"]
[White "Zarubitski, Viachaslau"]
[Black "Vlasenko, Miroslav"]
[Result "1/2-1/2"]
[WhiteTitle "IM"]
[BlackTitle "IM"]
[WhiteElo "2423"]
[BlackElo "2358"]
[WhiteTeam "Belarus (Respublika Belarus)"]
[BlackTeam "SShOR po shakhmatam i shashkam (Sankt-Peterbu"]
[WhiteFideId "13509373"]
[BlackFideId "4151887"]
[EventDate "2023.05.01"]
[EventType "team"]

1. e4 c5 2. Nf3 Nc6 3. Bb5 g6 4. Bxc6 dxc6 5. d3 Bg7 6. h3 Nf6 7. Nc3 Nd7 8. Be3
e5 9. Qd2 h6 10. O-O b6 11. Nh2 Nf8 12. f4 exf4 13. Bxf4 Ne6 14. Be3 c4 15. Qf2
O-O 16. Ng4 Ng5 17. Nf6+ Bxf6 18. Qxf6 Qxf6 19. Rxf6 cxd3 20. cxd3 Be6 21. d4
Rad8 22. a4 Kg7 23. e5 Bd5 24. Nxd5 Rxd5 25. Rxc6 Ne6 26. Rd6 Rxd6 27. exd6 Rd8
28. d5 Nc5 29. Bxc5 bxc5 30. Rc1 Rxd6 31. Rxc5 Rb6 32. Rc2 Rd6 33. Rc5 Rb6 34.
Rc2 Rd6 35. Rc7 Rxd5 36. Rxa7 Rd4 37. a5 Rb4 38. a6 Rxb2 39. Rc7 Ra2 40. a7 g5
41. Kf1 Kg6 42. g4 1/2-1/2